Top 100 des "meilleurs" animés - Statistiques

Statistiques générales
  • Ce quiz a été pris 1 040 fois
  • Le résultat moyen est 25 sur 100
Statistiques - réponses
Rang Année Titre % Correct
15 2002 Naruto
94%
17 2007 Naruto Shippuden
94%
8 1999 One Piece
93%
14 1986 Dragon Ball
85%
1 2013 Shingeki no Kyojin
74%
68 2017 Shingeki no Kyojin 2
74%
89 2019 Shingeki no Kyojin 3 Part 2
74%
6 2011 Hunter x Hunter
70%
80 1999 Hunter x Hunter
70%
21 2004 Bleach
69%
2 2006 Death Note
66%
64 2019 Kimetsu no Yaiba
66%
23 2016 My Hero Academia
66%
30 2009 Fairy Tail
52%
10 1989 Dragon Ball Z
48%
69 2009 Dragon Ball Z Kai
48%
16 2003 Fullmetal Alchemist
46%
4 2009 Fullmetal Alchemist : Brotherhood
45%
42 2012 Jojo's Bizarre Adventure
45%
99 2016 Jojo's Bizarre Adventure : Diamond Is Unbreakable
45%
67 2015 JoJo's Bizarre Adventure: Stardust Crusaders : Battle In Egypt
45%
19 2015 One Punch Man
44%
40 2015 Assassination Classroom
42%
83 2014 Haikyu!!
42%
85 1997 Pokemon
41%
58 2012 Kuroko no Basket
36%
27 2012 Sword Art Online
36%
20 2008 Code Geass : Lelouch de la rébellion R2
35%
9 2006 Code Geass: Lelouch of the Rebellion
35%
7 1995 Neon Genesis Evangelion
35%
35 1997 Berserk
34%
12 1999 GTO
34%
74 2014 The Seven Deadly SIns
33%
73 1996 Détective Conan
31%
25 2014 Your lie in April
27%
86 1983 Captain Tsubasa
26%
90 2011 Blue Exorcist
24%
22 2014 Parasyte the maxim
24%
51 2006 Gintama
23%
91 2016 Re : Zero
23%
3 1998 Cowboy Bebop
22%
28 2016 Erased
21%
56 2016 Mob Psycho 100
20%
24 2004 Monster
20%
76 2008 Black Butler
18%
82 1975 Goldorak
18%
95 2006 Nana
18%
75 2014 No Game No Life
18%
11 2011 Steins : Gate
18%
39 2011 Fate/zero
17%
48 2000 Hajime no Ippo : The Fighting!
17%
66 2014 Akame ga Kill!
16%
94 2014 Fate/stay night
16%
36 1987 Nicky Larson
16%
55 1986 Saint Seiya
16%
97 2015 Death Parade
15%
18 2012 Psycho-Pass
15%
43 2003 Saint Seiya: Meiou Hades Juuni Kyuu Hen
15%
26 2013 Kill la kill
13%
62 2010 Mirai Nikki
13%
5 2004 Samurai Champloo
13%
57 2006 Black Lagoon
12%
54 2017 Made in Abyss
12%
44 2010 Angel Beats!
11%
41 2018 Devilman Crybaby
11%
49 2008 Clannad : After Story
10%
71 2011 Anohana
9%
65 2010 Durarara!!
8%
81 2009 Bakemonogatari
7%
46 2004 Elfen Lied
7%
59 1998 Trigun
7%
45 1982 Cobra
6%
72 2007 Claymore
5%
34 2002 Ghost in the Shell : Stand Alone Complex
4%
13 2007 Guren Lagann
4%
77 2014 Terror in Resonance
4%
33 2014 Toky Ghoul
4%
47 2007 Baccano!
3%
29 2005 Mushishi
3%
84 1978 Albator 78
2%
78 1982 Albator 84
2%
98 2007 Darker than Black
2%
87 2006 Ergo Proxy
2%
52 2000 FLCL
2%
61 2006 Hellsing Ultimate
2%
70 2007 Kaiji : Ultimate Survivor
2%
60 1988 Les Héros de la Galaxie
2%
37 2004 Paranoia Agent
2%
53 2014 Ping Pong The Animation
2%
31 2011 Puella Magi Madoka Magica
2%
50 2010 The Tatami Galaxy
2%
79 2006 Bienvenue à la NHK
1%
32 2012 From the New World
1%
93 2011 Mawaru Penguindrum
1%
92 1990 Nadia, le secret de l'eau bleue
1%
88 2011 Nichijou: My Ordinary Life
1%
38 1998 Serial Experiment Lane
1%
63 1996 Vision of Escaflowne
1%
96 2003 Wolf's Rain
1%
100 2008 Kaiba
0%
Aucun quiz correspondant
Distribution des résultats
% des personnes avec chaque résultat
Percentile par nombre de réponses
Votre historique - résultats
Vous n’avez pas pris ce quiz